MARC

LEADER 00000nam0a2200000 4500
001 44004
005 20231101210842.0
010 |a 5943870377 
035 |a (RuTPU)RU\TPU\book\45633 
090 |a 44004 
100 |a 20021104d2002 km y0rusy50 ca 
101 0 |a rus 
102 |a RU 
105 |a a g 000zy 
200 1 |a Интегральные усилители низкой частоты   |f В. А. Герасимов  |g под ред. В. А. Корякина-Черняка 
210 |a СПб.  |c Наука и техника  |d 2002 
215 |a 523 с.  |c ил. 
225 1 |a Электронные компоненты 
512 1 |a Справочник по УНЧ производства корпорации SGS_THOMSON (ST-Microelektronics) и фирмы TOSHIBA 
606 1 |a Усилители низкой частоты  |2 stltpush  |3 (RuTPU)RU\TPU\subj\72460  |9 85971 
610 1 |a интегральные усилители 
610 1 |a микросхемы 
610 1 |a фирмы 
610 1 |a TOSHIBA 
610 1 |a ST - Microelectronics 
610 1 |a SGS-THOMSON 
610 1 |a схемы 
610 1 |a характеристики 
610 1 |a справочники 
675 |a 621.375.029.4(035)  |v 3 
700 1 |a Герасимов  |b В. А.  |g Вячеслав А. 
702 1 |a Корякин-Черняк  |b В. А.  |4 340 
801 1 |a RU  |b 63413507  |c 20021104  |g PSBO 
801 2 |a RU  |b 63413507  |c 20150507  |g PSBO 
942 |c BK